LEADER 01558nam--2200481---450- 001 990000473290203316 005 20120522141914.0 010 $a88-17-11042-6 035 $a0047329 035 $aUSA010047329 035 $a(ALEPH)000047329USA01 035 $a0047329 100 $a20010528d1991----km-y0itay0103----ba 101 $aita 102 $aIT 105 $a||||||||001yy 200 1 $aApocalisse$f49 pastelli di Alfredo Chiappori$gintroduzione di Gianfranco Ravasi e una meditazione di David Maria Turoldo$g[traduzione italiana di Giovanni Rinaldi e Felice Montagnini] 210 $aMilano$cRizzoli$d1991 215 $a219 p.$cill.$d50 cm 300 $aTesto greco a fronte 312 $aApokalypsis Iaonnou 410 $12001 454 $12001$aApokalypsis Iaonnou$959837 461 1$1001-------$12001 500 11$aBibbia. Nuovo Testamento. Apocalisse$959837 676 $a228 702 1$aCHIAPPORI,$bAlfredo 702 1$aRAVASI,$bGianfranco 702 1$aTUROLDO,$bDavid Maria 801 0$aIT$bsalbc$gISBD 912 $a990000473290203316 951 $aFA.VI.C. 5$b109031 L.M.$cFA.VI.C. 959 $aBK 969 $aANT 979 $aPATTY$b90$c20010528$lUSA01$h1114 979 $c20020403$lUSA01$h1656 979 $aPATRY$b90$c20040406$lUSA01$h1633 979 $aVITALE$b90$c20070328$lUSA01$h1736 979 $aPATRY$b90$c20070612$lUSA01$h1703 979 $aPATRY$b90$c20120522$lUSA01$h1419 996 $aApokalypsis Iaonnou$959837 996 $aBibbia. Nuovo Testamento. Apocalisse$955251 997 $aUNISA LEADER 02779oam 2200733I 450 001 9910783823203321 005 20230207225155.0 010 $a1-134-50011-4 010 $a1-299-14671-6 010 $a1-134-50012-2 010 $a0-415-26685-8 010 $a1-280-07324-1 010 $a0-203-63432-2 024 7 $a10.4324/9780203634325 035 $a(CKB)1000000000254649 035 $a(EBL)182275 035 $a(OCoLC)475895323 035 $a(SSID)ssj0000295635 035 $a(PQKBManifestationID)11251229 035 $a(PQKBTitleCode)TC0000295635 035 $a(PQKBWorkID)10322278 035 $a(PQKB)10317924 035 $a(MiAaPQ)EBC182275 035 $a(MiAaPQ)EBC5292600 035 $a(Au-PeEL)EBL182275 035 $a(CaPaEBR)ebr10097331 035 $a(CaONFJC)MIL445921 035 $a(OCoLC)56335836 035 $a(Au-PeEL)EBL5292600 035 $a(CaONFJC)MIL7324 035 $a(OCoLC)1027153292 035 $a(EXLCZ)991000000000254649 100 $a20180706d2003 uy 0 101 0 $aeng 135 $aur|n|---||||| 181 $ctxt 182 $cc 183 $acr 200 14$aThe ethics of tourism development /$fMick Smith and Rosaleen Duffy 210 1$aLondon ;$aNew York :$cRoutledge,$d2003. 215 $a1 online resource (208 p.) 225 1 $aContemporary geographies of leisure, tourism, and mobility 300 $aDescription based upon print version of record. 311 $a0-203-63897-2 311 $a0-415-26686-6 320 $aIncludes bibliographical references (p. [169]-189) and index. 327 $aBook Cover; Title; Contents; List of illustrations; Acknowledgements; Introduction; Ethical values; The virtues of travel and the virtuous traveller; The greatest happiness is to travel?; Rights and codes of practice; From social justice to an ethics of care; Authenticity and the ethics of tourism; Ethics and sustainable tourism; Conclusion; Notes; Bibliography; Index; 330 $aDraws upon a variety of important philosophical traditions to develop an original perspective on the relations between ethical, economic and aesthetic values in a tourism context. 410 0$aRoutledge studies in contemporary geographies of leisure, tourism, and mobility. 606 $aTourism$xSocial aspects 606 $aTourism$xMoral and ethical aspects 615 0$aTourism$xSocial aspects. 615 0$aTourism$xMoral and ethical aspects. 676 $a174/.991 686 $a76.60$2bcl 700 $aSmith$b Mick$f1961-,$0282883 701 $aDuffy$b Rosaleen$0282884 801 0$bMiAaPQ 801 1$bMiAaPQ 801 2$bMiAaPQ 906 $aBOOK 912 $a9910783823203321 996 $aThe ethics of tourism development$93742217 997 $aUNINA LEADER 02926nam 2200685Ia 450 001 9910961557803321 005 20251117072447.0 010 $a1-135-22975-9 010 $a1-135-22976-7 010 $a1-282-44417-4 010 $a9786612444173 010 $a0-203-09263-5 024 7 $a10.4324/9780203092637 035 $a(CKB)1000000000811376 035 $a(EBL)455480 035 $a(OCoLC)609844540 035 $a(Au-PeEL)EBL455480 035 $a(CaPaEBR)ebr10358650 035 $a(CaONFJC)MIL244417 035 $a(OCoLC)742296894 035 $a(OCoLC)893194508 035 $a(OCoLC)1059568957 035 $a(FINmELB)ELB149184 035 $a(MiAaPQ)EBC455480 035 $a(EXLCZ)991000000000811376 100 $a20780525e20101976 uy 1 101 0 $aeng 135 $aur|n|---||||| 181 $ctxt$2rdacontent 182 $cc$2rdamedia 183 $acr$2rdacarrier 200 10$aBad news$hVolume 1 /$fGlasgow University Media Group ; [written by Peter Beharrell ... et al.] ; foreword by Richard Hoggart 205 $a1st ed. 210 $aAbingdon ;$aNew York $cRoutledge$d2010,c1976 215 $a1 online resource (331 p.) 225 1 $aRoutledge revivals 300 $aOriginally published in 1976. 311 08$a0-415-56787-4 311 08$a0-415-56376-3 320 $aIncludes bibliographical references and index. 327 $aBOOK COVER; TITLE_01; COPYRIGHT_01; COPYRIGHT_02; TITLE_02; COPYRIGHT_03; CONTENTS; FOREWORD; ACKNOWLEDGEMENTS; 1 REVIEWING THE NEWS; 2 CONSTRUCTING THE PROJECT; 3 INSIDE THE TELEVISION NEWSROOM; 4 MEASURE FOR EASURE; 5 CONTOURS OF COVERAGE; 6 TRADES UINIONS AND THE MEDIA; 7 DOWN TO CASES; APPENDIX 1; APPENDIX 2; NOTES; INDEX 330 $aIt is a commonly held belief that television news in Britain, on whatever channel, is more objective, more trustworthy, more neutral than press reporting. The illusion is exploded in this controversial study by the Glasgow University Media Group, originally published in 1976.The authors undertook an exhaustive monitoring of all television broadcasts over 6 months, from January to June 1975, with particular focus upon industrial news broadcasts, the TUC, strikes and industrial action, business and economic affairs.Their analysis showed how television news favours certain indivi 410 0$aRoutledge revivals. 606 $aTelevision broadcasting of news$zGreat Britain 606 $aBroadcast journalism$zGreat Britain 606 $aJournalism$xObjectivity 615 0$aTelevision broadcasting of news 615 0$aBroadcast journalism 615 0$aJournalism$xObjectivity. 676 $a070.19 676 $a384.554 701 $aBeharrell$b Peter$01874182 701 $aHoggart$b Richard$0126775 801 0$bMiAaPQ 801 1$bMiAaPQ 801 2$bMiAaPQ 906 $aBOOK 912 $a9910961557803321 996 $aBad news$94484582 997 $aUNINA